| 000 | 00433nab a2200145Ia 4500 | ||
|---|---|---|---|
| 003 | ES-SlBCS | ||
| 005 | 20210601125236.0 | ||
| 008 | 140529s1976 xxu||||| |||| 00| 0 eng d | ||
| 041 | _aeng | ||
| 100 | 1 |
_aGenova, A. C. _9138210 |
|
| 245 | 0 | 0 |
_aLinsky on Quine's Way Out _c A. C. Genova |
| 600 | 1 | 4 |
_aQuine, William O. _9135393 |
| 773 | 0 |
_tPhilosophy and Phenomenological Research _gvol. 37, 1976, págs. 109-115 _wRev1411 |
|
| 942 | _cAR | ||
| 999 |
_c527107 _d527107 |
||